| 000 | 01151nmc a2200373 a 4500 | ||
|---|---|---|---|
| 003 | AR-BaBNM | ||
| 005 | 20251128205106.0 | ||
| 008 | 286019s1991 ||||||||||||||000 | spa|| | ||
| 020 | _a84-7900-018-X | ||
| 040 | _cAR-BaBNM | ||
| 245 | 1 | 0 | _aAplicaciones didácticas del vídeo |
| 250 | _a1ª ed. | ||
| 260 |
_aBarcelona _bAlta Fulla _bFundación Serveis de Cultura Popular _c1991 |
||
| 300 | 0 | _a72 p. | |
| 490 | 0 |
_aVídeo y educación _vv. 8 |
|
| 500 | 0 | _aLa Fundación Serveis de Cultura Popular fue creada en 1977 y se interesa por las aplicaciones del vídeo a la enseñanza en todos sus niveles | |
| 650 | 4 | _aTECNOLOGIA EDUCATIVA | |
| 650 | 4 | _aTECNICAS DE ENSENANZA | |
| 650 | 4 | _aMETODOS AUDIOVISUALES | |
| 650 | 4 | _aTECNOLOGIA AUDIOVISUAL | |
| 650 | 4 | _aENSENANZA AUDIOVISUAL | |
| 650 | 4 | _aMETODOS DE ENSENANZA | |
| 651 | 4 | _aEspaña | |
| 653 | 0 | _aVIDEO | |
| 700 | 1 | _aBauzà Garrufé, Salvador | |
| 700 | 1 | _aBarbet, Francesc | |
| 700 | 1 | _aCarreño, Enric | |
| 700 | 1 | _aJunyent, Montserrat | |
| 700 | 1 | _aPons, Jordi | |
| 700 | 1 | _aSalvà, Josep | |
| 700 | 1 |
_aRoigé, Gabriel _etraductor |
|
| 942 | _cBK | ||
| 998 | _cSILVI | ||
| 999 |
_c9958 _d9958 |
||